000 00940cam a2200337 4500
001 ABS64776
008 011204n2001 000 0 eng u
035 _a(Sirsi) u115841
245 _aRegional survey: Hampshire and Dorset
260 _c2001
490 _aProperty Week
_v66(46) 16 November 2001, 91-110(8)
590 _aABS
650 _aHAMPSHIRE
650 _aDORSET
650 _aSOUTHAMPTON
650 _aBOURNEMOUTH
650 _aBASINGSTOKE
650 _aPROPERTY-COMMERCIAL PROPERTY-RETAIL PROPERTY-RETAIL PROPERTY MARKET
650 _aINDUSTRIAL MARKET
650 _aPROPERTY-COMMERCIAL PROPERTY-OFFICE PROPERTY-OFFICE PROPERTY MARKET
650 _aRENTS
650 _aYIELDS
650 _aGUILDFORD
650 _aSALISBURY
650 _aPOOLE
650 _aWINCHESTER
650 _aFAREHAM
650 _aYEOVIL
690 _aPROPERTY-COMMERCIAL PROPERTY-COMMERCIAL PROPERTY MARKET
942 _n0
999 _c69007
_d69007